LEADER 01011nam a2200229 i 4500 001 000000228185 003 CaOOAMICUS 005 20221124153455.0 008 140320s1935 it u000 u ita u 013 $a207087 040 $aSeMil$bita 100 1 $aSchuster, Ignaz.$0(OLS)http://semarc/name/13404 245 10$a2: La Chiesa di Gesù Cristo nell'età apostolica /$cIgnazio Schuster, Giov. B. Holzammer. 264 1$aTorino :$bSocietà Editrice Internazionale,$c1935. 300 $aP. 656-995, [16] c. di tav. :$bill. ;$c23 cm 700 1 $aHolzammer, Johann Baptist.$0(OLS)http://semarc/name/13405 773 0 $aSchuster, Ignaz$tNuovo Testamento.$g2$w()352358 850 $aSeMil 852 $aSeMil$W1$xVenegono$y1$m2Y III 117$j178531$B178531$CSeMilBibl$Z2$F189411 $81 996 $6245$a2: La Chiesa di Gesù Cristo nell'età apostolica$9(OLS)http://semarc/title/326601 996 $6264$aTorino :$bSocietà Editrice Internazionale$9(OLS)http://semarc/publisher/29847 LEADER 01111nam a2200253 i 4500 001 000000189771 003 CaOOAMICUS 005 20100518000000.0 008 100518s1973 fr u000 u fre u 013 $a168055 040 $aSeMil$bita 100 1 $aRiou, Alain.$0(OLS)http://semarc/name/69412 245 13$aLe monde et l'Église selon Maxime le Confesseur /$cPar Alain Riou ; préface par M. J. Le Guillou. 260 $aParis :$bBeauchesne,$ccopyr. 1973. 300 $a279 p. ;$c22 cm. 490 0 $aThéologie historique ;$v22 650 4$aMassimo : il Confessore - Concezione del mondo.$0(OLS)http://semarc/subject/35754 700 1 $aLe Guillou, Marie-Joseph,$c.$0(OLS)http://semarc/name/12955 830 0$aThéologie historique ;$v22.$0(OLS)http://semarc/title/80 850 $aSeMil 852 $aSeMil$W1$xVenegono$y1$m2U I 22$j140402$B140402$CSeMilBibl$Z2$F152015 $81 961 $aOmaggio: Altro 996 $6245$aLe monde et l'Église selon Maxime le Confesseur$9(OLS)http://semarc/title/273278 996 $6260$aParis :$bBeauchesne$9(OLS)http://semarc/publisher/29638